000 00239nam a22001097a 4500
082 _a823
_bORI/L
100 _aORIENT LONGMAN
245 _aLIONS
260 _aHYDERABAD
_bORIENT LONGMAN
_c1992
650 _aPASSAGE LEAFLET
_zINDIA
942 _cBK
999 _c4184
_d4184